Gabo : (Registro nro. 5218)
[ vista simple ]
| 000 -CABECERA | |
|---|---|
| Longitud fija campo de control | 01438nam a2200361 a 4500 |
| 003 - • IDENTIFICADOR DELl NÚMERO DE CONTROL | |
| Identificador del número de control | CO-ViMGA |
| 008 - • CÓDIGOS DE INFORMACIÓN DE LONGITUD FIJA | |
| Códigos de información de longitud fija | 141112s2004 ck r 000 u spa d |
| 020 ## - • NÚMERO INTERNACIONAL NORMALIZADO PARA LIBROS | |
| Número Internacional Normalizado para Libros (ISBN) | 9789585731325 |
| 040 ## - FUENTE DE LA CATALOGACIÓN | |
| Centro catalogador de origen | CO-ViMGA |
| Lengua de catalogación | spa |
| Centro transcriptor | CO-ViMGA |
| 041 ## - • CÓDIGO DE LENGUA | |
| Código de lengua del texto/banda sonora o título independiente | SPA |
| 245 10 - • TITULO PROPIAMENTE DICHO | |
| Título | Gabo : |
| Resto del título | memorias de una vida mágica / |
| Mención de responsabilidad, etc. | Guión Óscar Pantoja ; ilustradores Miguel Bustos... [et al.] |
| 250 ## - • MENCIÓN DE EDICIÓN | |
| Mención de edición | 1a ed. |
| 300 ## - • DESCRIPCIÓN FÍSICA | |
| Extensión | 180 p. : il. col. |
| 490 ## - • MENCIÓN DE SERIE | |
| Mención de serie | PNK |
| 500 ## - • NOTA GENERAL | |
| Nota general | Incluye anexo : Las vidas escritas de Gabo. Incluye datos biográficos de los autores. Incluye bibliografía.y García mõrquez en la web. Incluye cronología de Gabriel García Márquez. |
| 600 ## - • PUNTO DE ACCESO ADICIONAL DE MATERIA - NOMBRE DE PERSONA | |
| Nombre de persona | GARCIA MARQUEZ, GABRIEL, 1928 - |
| 650 14 - • PUNTO DE ACCESO ADICIONAL DE MATERIA - TÉRMINO DE MATERIA | |
| Término de materia o nombre geográfico como elemento inicial | AUTORES COLOMBIANOS - BIOGRAFIAS - NOVELA GRAFICA |
| 650 14 - • PUNTO DE ACCESO ADICIONAL DE MATERIA - TÉRMINO DE MATERIA | |
| Término de materia o nombre geográfico como elemento inicial | AUTORES COLOMBIANOS - SIGLO XX |
| 650 14 - • PUNTO DE ACCESO ADICIONAL DE MATERIA - TÉRMINO DE MATERIA | |
| Término de materia o nombre geográfico como elemento inicial | COMICS |
| 650 14 - • PUNTO DE ACCESO ADICIONAL DE MATERIA - TÉRMINO DE MATERIA | |
| Término de materia o nombre geográfico como elemento inicial | DESDE LOS 12 AÑOS |
| 650 14 - • PUNTO DE ACCESO ADICIONAL DE MATERIA - TÉRMINO DE MATERIA | |
| Término de materia o nombre geográfico como elemento inicial | ILUSTRADORES COLOMBIANOS |
| 650 14 - • PUNTO DE ACCESO ADICIONAL DE MATERIA - TÉRMINO DE MATERIA | |
| Término de materia o nombre geográfico como elemento inicial | NOVELA GRAFICA |
| 700 1# - • PUNTO DE ACCESO ADICIONAL - NOMBRE DE PERSONA | |
| Nombre de persona | Bustos, Miguel |
| 700 1# - • PUNTO DE ACCESO ADICIONAL - NOMBRE DE PERSONA | |
| Nombre de persona | Camargo Rojas, Felipe |
| 700 1# - • PUNTO DE ACCESO ADICIONAL - NOMBRE DE PERSONA | |
| Nombre de persona | Córdoba, Tatiana |
| 700 1# - • PUNTO DE ACCESO ADICIONAL - NOMBRE DE PERSONA | |
| Nombre de persona | Naranjo Morales, Julián David |
| 700 1# - • PUNTO DE ACCESO ADICIONAL - NOMBRE DE PERSONA | |
| Nombre de persona | Pantoja, Óscar |
| 700 1# - • PUNTO DE ACCESO ADICIONAL - NOMBRE DE PERSONA | |
| Nombre de persona | Pantoja, Óscar, 1971 - Bustos, Miguel, 1973 - Camargo Rojas, Felipe, 1988 - Córdoba, Tatiana Naranjo Morales, Julián David, 1982 - |
| 942 ## - ENTRADA DE ELEMENTOS AGREGADOS (KOHA) | |
| Fuente de clasificaión o esquema | Dewey Decimal Classification |
| Koha [por defecto] tipo de item | LIbro |
| Perdido | Fuente de clasificación o esquema | Estado Físico | No para préstamo | Forma de adquisición | Localización permanente | Localización actual | Localización en estanterías | Fecha adquisición | Préstamos totales | Signatura completa | Código de barras | Fecha última consulta | Número de copia | Fecha del precio de reemplazo | Tipo de item de Koha | Serie de enumeración / cronolog&íacute;a | Fecha último préstamo | Note pública |
|---|---|---|---|---|---|---|---|---|---|---|---|---|---|---|---|---|---|---|
| Dewey Decimal Classification | Colección General | Biblioteca Pública Cubarral | Biblioteca Pública Cubarral | Literatura | 08/02/2023 | H GAB3 | CUB01997 | 08/02/2023 | Ej.1 | 08/02/2023 | Libro Literatura | |||||||
| Dewey Decimal Classification | Colección General | Biblioteca Pública Puerto Lleras | Biblioteca Pública Puerto Lleras | Literatura | 01/14/2025 | H GAB3 | PLL00898 | 01/14/2025 | Ej.1 | 01/14/2025 | Libro Literatura | |||||||
| Dewey Decimal Classification | Sala General | Biblioteca Comunitaria - Villavicencio | Biblioteca Comunitaria - Villavicencio | 12/04/2015 | 1 | H GAB3 | 010503 | 04/29/2017 | Ej. 1 | 12/04/2015 | LIbro | 10/jul/2014 | 04/28/2017 | |||||
| Dewey Decimal Classification | Sala General | Biblioteca Comunitaria - Villavicencio | Biblioteca Comunitaria - Villavicencio | 12/04/2015 | H GAB3 | 26938 | 12/04/2015 | Ej. 2 | 12/04/2015 | LIbro | 28/ago/2014 | |||||||
| Dewey Decimal Classification | Colección General | Biblioteca Pública El Castillo - Alfonso Meneses | Biblioteca Pública El Castillo - Alfonso Meneses | Literatura | 08/24/2023 | H GAB3 | EC02704 | 08/24/2023 | Ej.1 | 08/24/2023 | Libro Literatura | |||||||
| Dewey Decimal Classification | Colección General | Biblioteca Pública Acacias - Carlos María Hernández Rojas | Biblioteca Pública Acacias - Carlos María Hernández Rojas | Literatura | 07/12/2023 | HGAB3 | ACA09207. | 07/12/2023 | Ej.1 | 07/12/2023 | Libro Literatura | |||||||
| Dewey Decimal Classification | Colección General | Biblioteca Pública Barranca de Upia - María Dolores Herrera | Biblioteca Pública Barranca de Upia - María Dolores Herrera | Literatura | 10/04/2023 | H GAB3 | BUP00927 | 10/04/2023 | Ej.1 | 10/04/2023 | LIbro | |||||||
| Literatura General | Biblioteca Pública Departamental Eduardo Carranza - Villavicencio | Biblioteca Pública Departamental Eduardo Carranza - Villavicencio | Literatura | 09/02/2014 | H GAB3 | ECA23021 | 11/26/2024 | Ej.1 | 11/26/2024 | LIbro | 17088 | 21983 | |||||||
| Dewey Decimal Classification | Colección General | Biblioteca Pública Guamal | Biblioteca Pública Guamal | Literatura | 02/06/2023 | H GAB3 | GUA000704 | 02/06/2023 | Ej.1 | 02/06/2023 | Libro Literatura | |||||||
| Dewey Decimal Classification | Colección General | Biblioteca Pública La Macarena | Biblioteca Pública La Macarena | Literatura | 01/12/2024 | H GAB3 | LM00676 | 01/12/2024 | Ej.1 | 01/12/2024 | LIbro | |||||||
| Dewey Decimal Classification | Colección General | Biblioteca Pública Mapiripan | Biblioteca Pública Mapiripan | Literatura | 01/16/2024 | H GAB3 | MAP00002575 | 01/16/2024 | Ej.1 | 01/16/2024 | LIbro | |||||||
| Dewey Decimal Classification | Colección General | Biblioteca Pública Medellin del Ariari - El Castillo | Biblioteca Pública Medellin del Ariari - El Castillo | Literatura | 11/09/2024 | GAB3 Ej.1 | BM0000233 | 11/09/2024 | Ej.1 | 11/09/2024 | LIbro | |||||||
| Clasificación Local Facetada | Literatura General | Biblioteca Pública San Juanito - Ernesto Maria Peña Romero | Biblioteca Pública San Juanito - Ernesto Maria Peña Romero | Literatura | 03/10/2026 | H GAB3 | SJU02898 | 03/10/2026 | Ej.1 | 03/10/2026 | Libro Literatura | |||||||
| Dewey Decimal Classification | Colección General | Biblioteca Pública Uribe - Reinerio Arenas | Biblioteca Pública Uribe - Reinerio Arenas | Literatura | 02/05/2025 | H GAB3 | URI02418 | 02/05/2025 | Ej.1 | 02/05/2025 | Libro Literatura |